000 003660000a22001570004500
001 004727
003 MACL
040 _aMACL
090 _c16720
_d16719
100 _aKaul, H.K.
245 _aLibrary And Information Networking
_bNaclin 2003
_cH.K. Kaul
260 _aDelnet,
_c2004
350 _a750
650 _aLibrary And Information Science
942 _k22
_cBook
999 _c16614
_d16614